01794nam a22002417a 4500003000900000008004100009040007100050082002400121110004900145245009500194260004600289300002900335440006000364505093200424650002801356650002501384650002301409650002601432650002101458700003001479700002301509700002001532AR-CdUCM190425b ||||| |||| 00| 0 spa d aMUNICIPALIDAD PROVINCIAL DEL CUSCOcBIBLIOTECA MUNICIPAL DEL CUSCO aHist.Ecle/N°4/1995 aInstituto Peruano de Historia Eclesiástica aRevista peruana de Historia Eclesiástica /cInstituto Peruano de Historia Eclesiástica aLima.bServicio copias Gráficas,c1995. a262 páginas. :c22 cm. aRevista peruana de Historia Eclesiástica.nN°4,1995. aContenido: Alonso de la Cueva Ponce de León historiador de la Iglesia peruana. Guillermo Lohmann Villena. -- Don Feliciano de Vega 1580-1639, criollo jurista, maestro y prelado. José Dammert Bellido. -- Fray Víctor M Barriga, mercedario 1891-1955. Félix Denegri Luna. -- Antonio Ruiz de Montoya. Armando Nieto Vélez. -- Tres cronistas franciscanos siglos XVII-XVIII. Federico Richter. -- El matemático fray Manuel Ayala y su biblioteca. Horacio Villanueva Urteaga. -- Fray Fernando de Velarde 1594-1658. Benigno Ayarra. -- Fray Gonzalo Tenorio y sus teorías escatológicas sobre el Nuevo Mundo 1602-1682. Julián Heras. -- Melchor de Talamantes precursor de la independencia de México. Severo Aparicio. -- Ventura Travada y Córdoba. Alejandro Málaga y Dr. Eusebio Quiroz. -- Juan Espinoza Medrano. Jorge Escobar Medrano. -- Juan Meléndez Ramírez cronista dominico 1633-1710. Guillermo Álvarez Perca. aHistoria eclesiástica aEducación colonial aHistoria del Cusco aReligión católica aEvangelización aLohman Villena, Guillermo aRichter, Federico aDammert, José